| 000 | 01105cam a2200337 a 4500 | ||
|---|---|---|---|
| 003 | CHAP | ||
| 005 | 20220329142130.0 | ||
| 008 | 990831d1997 mx a r 00110 spa d | ||
| 010 | _a78939 | ||
| 011 | _a79911 | ||
| 020 | _a970150304X | ||
| 035 | _a90328 | ||
| 040 | _cCHAP | ||
| 082 | 0 | 4 |
_a519.5 _bP45 |
| 100 | 0 | 0 |
_aPérez López, César. _989789 |
| 245 | 1 | 0 |
_aAnálisis estadístico con statgraphics _c/por César Pérez López |
| 260 |
_aMéxico, D.F. : _bAlfaomega, _c1997. |
||
| 300 |
_a708 p. : _bilus. |
||
| 590 |
_aBATCH-UPD _b10 _c20130110 _lUCH01 _h0444 |
||
| 590 |
_aBATCH-UPD _b10 _c20130410 _lUCH01 _h0120 |
||
| 590 |
_aBATCH-UPD _b10 _c20130914 _lUCH01 _h0348 |
||
| 590 |
_aCONVERSION _b10 _c20130109 _lUCH01 _h1344 |
||
| 650 | 1 | 4 |
_aAnálisis estadístico. _95984 |
| 650 | 1 | 4 |
_aLenguajes de programación. _965989 |
| 650 | 1 | 4 |
_aProcesamiento automático de datos en estadística. _991776 |
| 650 | 1 | 4 |
_aStatgraphics. _9109510 |
| 901 | _aBK | ||
| 905 | _aAlejandra Carrasco M. | ||
| 942 | _cLIBRO | ||
| 949 |
_a519.5 P45 _bBC _cLIBRO _d33724000738613 _eLIBRO _gI.199138 _h96248 _i90328 _si _t$160.00 |
||
| 999 |
_c78939 _d78939 |
||